| 000 | 00487nam a2200193 4500 | ||
|---|---|---|---|
| 003 | OSt | ||
| 005 | 20220815120335.0 | ||
| 008 | 220815b |||||||| |||| 00| 0 eng d | ||
| 020 | _a9781849207973 | ||
| 040 | _cIFM Library | ||
| 082 | _a657 . 42 | ||
| 245 | _aResearch Methods in Accounting | ||
| 250 | _a2nd ed. | ||
| 260 |
_alondon _bSAGE, _c2009 |
||
| 300 |
_axvi.223p. _bill,; 24cm |
||
| 500 | _ainclude reference and index | ||
| 650 |
_aaccounting _9295 |
||
| 942 |
_cBK _2ddc _n0 |
||
| 999 |
_c14515 _d14515 |
||